01458nam a2200337 i 4500001000700000003000900007005001700016008004100033015001000074017005000084020001800134035002100152035002100173035002300194040002900217080002100246100005000267245011500317260003600432300002100468336003200489337003100521338002400552520018900576700003700765700003800802852010900840942001800949999001900967952013400986196153ES-MaACL20260201183407.0240816s2012 sp | |||| 000 j spa  aMON12 aM 37473-2012bOficina Depósito Legal Madrid a9788493909833 a(OCoLC)864166721 a(SpMaBN)a5338175 a991040303019708606 aSpMaBNbspacSpMaBNerdc a821.134.2-32"19" aAlvite, José Luis, d1949-20159237245eaut10aLilas en un prado negro / cJosé Luis Alvite, prólogo de Santiago González, epílogo de J. M. Amilibia. aMadrid :bÉzaro, cD.L. 2012. a288 p. :c24 cm. aTexto (visual)2isbdcontent asin mediación2isbdmedia 2rdacarrieravolumen aAquí se trata del psiquiátrico San Antón de Restande, un lugar deudor del opaco esplendor de los tiempos pasados, de cuando los hospitales psiquiátricos se llamaban manicomios.0 958382aGonzález, Santiagoeaui0 aAmilibia, Eustasio deeaud921252 aES-MaACLbR.153195cDEPOJjN-9220hDonación: EditorialxEncuadernación rústica con solapas9205169 cMONOGRAFIAn0 c196153d196153 00102udc4070aATENEOMbATENEOMcDEPOJd2025-05-05eDONACIONl0oN-9220p101229959r2025-05-05 00:00:00w2025-05-05yMONOGRAFIA